| 000 | 00384nam a2200133 a 4500 | ||
|---|---|---|---|
| 005 | 20140513081053.0 | ||
| 008 | 090910s19uu xx 00 eng d | ||
| 050 |
_aKit _bLEA 1982 |
||
| 245 |
_aLearning about manners : _bWhat do you say? / _cRosen, Beverly. |
||
| 260 |
_aCalifornia : _bSuperscope, _c1982. |
||
| 440 | _aTele - story presents | ||
| 650 | _aGood manners | ||
| 999 |
_c116394 _d116394 |
||